000 00303nam a22001337a 4500
008 171201b xxu||||| |||| 00| 0 eng d
020 _a0030636795
041 _aeng
080 _23RD
_a37
100 _a46
101 _aEDU
245 _aINTRODUCTION TO RESEARCH IN EDUCATION
_cARY,D
942 _2udc
_cBK
999 _c38681
_d38681